Najlepsi bramkarze świata 2022r. - Statystyki

Ogólne statystyki
  • Ten quiz został rozwiązany 339 razy
  • Średni wynik to 6 z 10
Statystyki odpowiedzi
Kraj Bramkarz % Poprawnych
6.Polska Szczęsny
94%
2.Argentyna Martinez
89%
1.Belgia Courtois
65%
5.Francja Lloris
64%
7.Słowenia Oblak
64%
4.Chorwacja Livaković
55%
9.Anglia Pickford
54%
10.Francja Maignan
37%
3.Maroko Bounou
36%
7. Brazylia Becker
22%
Nie znaleziono quizów pasujących do podanych kryteriów
Rozkład punktacji
Procent ludzi z każdym wynikiem
Percentyl według liczby udzielonych odpowiedzi
Twoja historia wyników
Nie rozwiązałeś tego quizu